|
|
|
|
| LEADER |
00646nab a2200181 i 4500 |
| 001 |
delm53412 |
| 005 |
20180927141923.0 |
| 008 |
180927s1957 hu o 0|| hun d |
| 040 |
|
|
|a SZTE Délmagyarország Archívum
|b hun
|
| 041 |
|
|
|a hun
|
| 100 |
1 |
|
|a Rédey László
|
| 245 |
1 |
0 |
|a Tudományos vándorgyűléssel ünnepelte tízéves fennállását a szegedi Bólyai János Matematikai Társulat
|h [elektronikus dokumentum] /
|c Rédey László
|
| 260 |
|
|
|c 1957-09-25
|
| 300 |
|
|
|a 4
|
| 490 |
0 |
|
|a Délmagyarország
|
| 695 |
|
|
|a Matematikai Társulat Szeged vándorgyűlés 1957
|
| 700 |
0 |
2 |
|a Szőkefalvi-Nagy Gyula
|e aut
|
| 700 |
0 |
2 |
|a Szőkefalvi-Nagy Béla
|e aut
|